Návrh technológie výroby upínacích podávacích puzdier s nekruhovým otvorom pre sústružnícke poloautomaty : Diplomová práca

Salvato in:
Dettagli Bibliografici
Autore principale: Jahodka, Ján (Autore)
Altri autori: Matula, Eduard (xxx)
Natura: Manoscritto Libro
Lingua:slovacco
Pubblicazione: Trnava : STU v Bratislave MtF KOOSM, 1989
Soggetti:
Tags: Aggiungi Tag
Nessun Tag, puoi essere il primo ad aggiungerne!!

MARC

LEADER 00000ntm a22000003a 4500
001 stu80701
005 20160719154940.7
008 030530s1989----xo------------------slo-d
040 |a STU  |b slo 
041 0 |a slo 
044 |a xo 
100 1 |a Jahodka, Ján  |4 aut 
245 1 |a Návrh technológie výroby upínacích podávacích puzdier s nekruhovým otvorom pre sústružnícke poloautomaty :  |b Diplomová práca 
260 |a Trnava :  |b STU v Bratislave MtF KOOSM,  |c 1989 
300 |a 60 s  |c abstr. + príl. 
650 7 |a sústružnícke poloautomaty  |2 stusub 
650 7 |a upínacie puzdrá  |2 stusub 
650 7 |a strojárske technológie  |2 stusub 
700 1 |a Matula, Eduard  |4 xxx 
996 |b 284M042190  |c M*DP-2190  |l MMSKP  |s P  |a 0  |w stu80701_0001